Low cost waste water treatment technologies (Record no. 71406)

000 -LEADER
fixed length control field 00723nam a22001937a 4500
003 - CONTROL NUMBER IDENTIFIER
control field NUST - PNEC
005 - DATE AND TIME OF LATEST TRANSACTION
control field 20170116181200.0
008 - FIXED-LENGTH DATA ELEMENTS--GENERAL INFORMATION
fixed length control field 160208b xxu||||| |||| 00| 0 eng d
020 ## - INTERNATIONAL STANDARD BOOK NUMBER
International Standard Book Number 9788178846842
040 ## - CATALOGING SOURCE
Transcribing agency LIBRARY
082 ## - DEWEY DECIMAL CLASSIFICATION NUMBER
Classification number 363.7284 MAR
100 ## - MAIN ENTRY--PERSONAL NAME
9 (RLIN) 16294
Personal name Mariyam Noor
245 ## - TITLE STATEMENT
Title Low cost waste water treatment technologies
Statement of responsibility, etc. Mariyam Noor
260 ## - PUBLICATION, DISTRIBUTION, ETC.
Place of publication, distribution, etc. New Delhi:
Name of publisher, distributor, etc. Cyber Tech Publications;
Date of publication, distribution, etc. 2011
300 ## - PHYSICAL DESCRIPTION
Extent 262 pages
650 ## - SUBJECT ADDED ENTRY--TOPICAL TERM
9 (RLIN) 16296
Topical term or geographic name entry element Water resources development
Topical term following geographic name entry element Water resources development--Cost
General subdivision General
856 ## - ELECTRONIC LOCATION AND ACCESS
Uniform Resource Identifier <a href="http://www.amazon.com/Cost-Waste-Water-Treatment-Technologies/dp/8178846845/ref=sr_1_1?s=books&ie=UTF8&qid=1454922610&sr=1-1&keywords=9788178846842">http://www.amazon.com/Cost-Waste-Water-Treatment-Technologies/dp/8178846845/ref=sr_1_1?s=books&ie=UTF8&qid=1454922610&sr=1-1&keywords=9788178846842</a>
942 ## - ADDED ENTRY ELEMENTS (KOHA)
Source of classification or shelving scheme
Koha item type Book
Holdings
Withdrawn status Lost status Source of classification or shelving scheme Materials specified (bound volume or other part) Damaged status Not for loan Permanent Location Current Location Shelving location Date acquired Source of acquisition Cost, normal purchase price Total Checkouts Full call number Barcode Date last seen Cost, replacement price Price effective from Koha item type
      Hardbound     Pakistan Navy Engineering College (PNEC) Pakistan Navy Engineering College (PNEC)   12/07/2015 Capital Book Company / Ref Grant 1196.80   363.7284 MAR PNECLIB-032518 02/08/2016 1196.80 12/07/2015 Book
© 2023 Central Library, National University of Sciences and Technology. All Rights Reserved.